Класифікація злочинів (Запис № 572444)
[ простий вигляд ]
| 000 -Лідер | |
|---|---|
| fixed length control field | 04350nam a22002297a 4500 |
| 003 - Ідентифікатор контрольного номера | |
| control field | UA-OsUOA |
| 005 - Дата та час останнього входження (трансакції) | |
| control field | 20220504132607.0 |
| 008 - Елементи даних фіксованої довжини – загальна інформація | |
| fixed length control field | 220504b un ||||| m||| 00| 0 ukr d |
| 040 ## - Джерело каталогізації | |
| Агенція оригінальної каталогізації | UA-OsUOA |
| Мова каталогізації | ukr |
| Агенція, яка здійснювала перезапис | UA-OsUOA |
| Агенція, яка здійснювала модифікацію | UA-OsUOA |
| 041 ## - Код мови | |
| Код мови тексту/ звукової доріжки чи окремого заголовка (П) | ukr |
| 080 ## - Індекс Універсальної десяткової класифікації | |
| Індекс Універсальної десяткової класифікації (УДК) (НП) | 343.713 |
| 090 ## - Локальний шифр розміщення | |
| Класифікаційний індекс УДК | 343.713 |
| 095 ## - Код спеціальності для авторефератів | |
| Код спеціальності | 12.00.08 |
| Назва спеціальності | кримінальне право та кримінологія; кримінально-виконавче право |
| 100 ## - Основне введення – ім’я особи | |
| Ім’я особи (НП) | Соболь О.І. |
| 245 ## - Відомості про назву | |
| Назва (НП) | Класифікація злочинів |
| Дані про відповідальність (НП) | Соболь Оксана Іванівна; наук. керівник Музика Анатолій Ананійович |
| 260 ## - Публікація, розповсюдження і т.п. (Вихідні дані) | |
| Місце публікації, розповсюдження і т.п. (П) | Дніпропетровськ |
| Дата публікації, розповсюдження і т.п. (П) | 2012 |
| 300 ## - Фізичний опис | |
| Обсяг | 20 с. |
| 502 ## - Примітка про дисертацію | |
| Зв'язок | Автореферат дисертації на здобуття наукового ступеня кандидата юридичних наук<br/> |
| Наймення інституції, що представляється | Дніпропетровський державний університет внутрішніх справ |
| Рік отримання вченого ступеня | 2012 |
| 520 ## - Резюме і т.п. | |
| Резюме, реферат, анотація, тощо (НП) | За форматом дослідження - це перша в Україні дисертація з теоретичних і прикладних проблем законодавчої класифікації злочинів, що передбачена КК України.<br/>Сформульовано поняття матеріального та формального критеріїв законодавчої класифікації злочинів, доведена необхідність усунення законодавцем парадоксальних положень ст. 12 КК України стосовно можливості визначення ступеня тяжкості злочину з використанням основного покарання у виді штрафу відповідного розміру. Обґрунтовано актуальність перспективного напряму вдосконалення кримінального законодавства ~ необхідність розробки і втілення в Загальній частині КК України типових санкцій (у межах інституту класифікації' злочинів), що дозволило б уніфікувати відповідальність за злочини відповідної тяжкості та уникнути значної кількості вад як результату несистемного, довільного формулювання індивідуальних санкцій у межах Особливої частини цього Кодексу. Досліджені питання про криміналізацію діянь в аспекті диференціації кримінальної відповідальності, а також проаналізовано, як саме віднесення злочину до певно класифікаційної категорії впливає на подальшу реалізацію кримінальної відповідальності особи, на вирішення низки питань в інших галузях права.<br/>Зроблено висновок про доцільність реформування кримінального та адміністративного законодавства в аспекті новітнього підходу - запровадження Інституту кримінальних проступків у вітчизняній системі права. Водночас доведено, що положення Кримінального процесуального кодексу України 2012 р. у цій частині є некоректними з погляду на кримінально-правову пріоритетність законодавчого врегулювання аналізованого питання та необхідність передусім внесення відповідних коректив до Конституції України.<br/>Розроблено проєкт нової редакції ст. 12 КК України. |
| 650 ## - Додаткове предметне введення – тематичний термін | |
| Джерело заголовка чи терміна | UDC |
| Тематичний термін чи географічна назва, як елемент введення (НП) | 34 Право |
| 942 ## - Додаткові елементи входу (Коха) | |
| Source of classification or shelving scheme | Universal Decimal Classification |
| Тип елемента Koha | Автореферат |
Немає доступних примірників.